| 000 | 00612nam a22001817a 4500 | ||
|---|---|---|---|
| 005 | 20210623141319.0 | ||
| 008 | 210623b cr ||||| |||| 00| 0 spa d | ||
| 020 | _a9968947407 | ||
| 050 | 0 | 4 |
_aKDZ576 _bP76 2004 |
| 245 | 0 | 3 | _aLa protección de la libertad de expresión y el sistema interamericano |
| 250 |
_a2a ed. _bactualizada y revisada |
||
| 260 |
_aSan José, Costa Rica : _bGossestra Intl., _c2004 |
||
| 300 |
_a234 p. ; _c21 cm. |
||
| 490 | 0 | _aManual | |
| 650 | 7 |
_2lemb _aLibertad de expresión _zAmérica del Norte |
|
| 710 | 2 |
_aCorte Norteamericana de Derechos Humanos _eeditor |
|
| 942 |
_2lcc _cLIB |
||
| 999 |
_c156397 _d156395 |
||